=LDR 00000nam 2200000 4500 =001 NUTBA000000000001532 =005 20180224095802 =035 ##$$a 0010-041400000000802 =008 180224###########################0###### =082 ##$$a 028.5 =090 ##$$a 028.5 $b nur s =100 ##$$a nuraisah hasibuan =245 1#$$a ssstt dengarkan suara-suara di dunia peri =260 ##$$a Jakarta :$b PT. Bumi Aksara,$c 2010 =300 ##$$a 32 hlm. : $b illus ; $c 23 cm. =850 ##$$a NBPBMAT =990 ##$$a 21195681/BPAP-NTB/2014 =990 ##$$a 0001/BPAP-NTB/20142015 =990 ##$$a 21305498